01435nam a2200265Ia 450000500170000000800410001704000180005804100080007624500290008424600240011326000540013730000230019150003300021450801420054451101710068654601030085765000250096065000400098565000310102565000170105670000230107371000270109671000270112376500190115020140217111022.0130821s2002 xx a gs spa  aCo-BoUCMbspa00aspa13aLa tierra del solc[DVD]13aLa tierra prometida a[Lugar desconocido]bSony Pictures Classicsc2002 a1 DVDbson., color aSINOPSIS : Desiree vuelve a su localidad natal, un pueblo de Florida, para intentar reconciliarse con su madre Eunice y algunos de sus amigos. Coincidiendo con las celebraciones del Día del Bucanero, Desiree solo encontrará la amistad de la dueña de un motel, Marly, otra mujer con heridas sentimentales por cicatrizar. aCREDITOS : Dirección, John Sayles; Producción, Maggie Renzi; Fotografía, Patrick Cady; Musica, Mason Daring; Guionista, John Sayles aPerry Lang, Timothy Hutton, Alan King, Mary Alice, Sam McMurray, Bill Cobbs, Angela Bassett, Edith Falco, Jane Alexander, Clifton James, Ralph Waite, Mary Steenburgen aAudio en Inglés. Subtítulos en Español, Inglés, Portugués, Chino, Coreano y Tailandés.04aAmor en el cinevDVD04aPelículas cinematográficasvDVD04aRelaciones familiaresvDVD04aSociología aSayles, Johnedir. aAnarchists' Convention aSony Pictures Classics aSunshine state